000
00350nam a2200169Ia 4500
100
_a
MAURUS/J.
650
_a
PHILOPSOPHY
942
_c
BK
366
_f
25
654
_a
JOY OF LIVING
245
_a
JOY OF LIVING
260
_b
BETTER YOURSELF BOOK
_a
Bandra
_c
2004
082
_a
170/MAU
_b
MAU
300
_a
167
546
_a
ENGLISH
999
_c
34085
_d
34085